States With the Best & Worst Public Schoolss - Statistics

General Stats
  • This quiz has been taken 88 times
  • The average score is 18 of 20
Answer Stats
Overall rank: Overall Score: Answer % Correct
43 41.44 Alabama
97%
45 41.02 Mississippi
97%
49 34.65 Louisiana
96%
1 71.33 Massachusetts
96%
50 27.61 New Mexico
96%
42 41.76 South Carolina
96%
5 61.64 Vermont
94%
4 63.75 Virginia
94%
47 38.60 Alaska
93%
7 59.89 Minnesota
93%
41 42.38 Arkansas
92%
2 66.25 Connecticut
92%
6 61.27 New Hampshire
92%
3 65.64 New Jersey
92%
9 59.65 Delaware
90%
10 58.51 Maryland
89%
46 40.94 Oklahoma
89%
48 36.84 Arizona
86%
44 41.21 Nevada
86%
8 59.66 Wisconsin
77%
No matching quizzes found
Score Distribution
Percent of People with Each Score
Percentile by Number Answered
Your Score History
You have not taken this quiz